000 00973nam a22003137a 4500
001 0049053
003 KOHA_MİRAKIL
005 20260207003637.0
007 ta
008 150629b2011 tu |||gr||||#||||0|tur |
020 _a9786054434787
_q(c. 2)
040 _aTR-BiSEU
_btur
_cTR-BiSEU
_erda
041 0 _atur
044 _ctu
050 _aHM435
_b.K59 2011
100 1 _aKızılçelik, Sezgin.
245 1 _aSosyoloji tarihi 2 :
_bBacon, Descartes ve Hobbes'un sosyal teorileri/
_cSezgin Kızılçelik ; Sezgin Kızılçelik.
264 1 _aAnkara :
_bAnı Yayıncılık
_c2011
300 _a2 c. ;
_c21 cm.
336 _ametin
_btxt
_2rdacontent
337 _aaracısız
_bn
_2rdamedia
338 _acilt
_bnc
_2rdacarrier
500 _aKaynakça var.
650 0 _aSosyoloji--Tarih.
_990027
650 0 _aSociology--History.
_923639
650 0 _aSosyoloji--Felsefe--Tarih.
_990028
650 0 _aSociology--Philosophy--History.
_990029
942 _2lcc
_cBK
999 _c48892
_d48892